000 00376cam a22001217a 4500
008 180718b1910 xxu||||| |||| 00| 0 eng d
082 _aX1 L568
100 _aLethaby, W.R.
245 _a`Architecture: an introduction to the history and theory of the art of building
_cby W.R. Lethaby
260 _aLondon
_bWilliama & Norgate
_c1910
300 _a256p.
650 _aArchitecture
999 _c372077
_d372077